MARC

LEADER 00000nam0a2200000 4500
001 365527
005 20231102011807.0
035 |a (RuTPU)RU\TPU\retro\22890 
090 |a 365527 
100 |a 20220112d1981 km y0rusy50 ca 
101 0 |a rus 
102 |a UA 
105 |a a z 001zy 
200 1 |a Исследование сложных непрерывно-дискретных систем  |f Академия наук Украинской ССР, Институт кибернетики ; под ред. И. И. Ляшко 
210 |a Киев  |c Наукова думка  |d 1981 
215 |a 270 с.  |c ил. 
320 |a Библиогр.: с. 265-267 
606 1 |a Автоматические системы управления  |x Параметры дискретного режима  |2 stltpush  |3 (RuTPU)RU\TPU\subj\837  |9 29643 
610 1 |a дискретные системы 
610 1 |a сложные системы 
610 1 |a математические модели 
610 1 |a непрерывные переменные 
610 1 |a стационарные системы 
610 1 |a обыкновенные дифференциальные уравнения 
610 1 |a квантовые системы 
675 |a 681.51.015  |v 4 
702 1 |a Ляшко  |b И. И.  |4 340 
712 0 2 |a Академия наук Украинской ССР  |b Институт кибернетики  |c (Киев)  |c (1962-1991)  |2 stltpush  |3 (RuTPU)RU\TPU\col\11437  |9 25095 
801 1 |a RU  |b 63413507  |c 20220112 
942 |c BK